<?xml version="1.0" encoding="UTF-8"?><marc:collection xmlns:marc="http://www.loc.gov/MARC21/slim">
  <marc:record>
    <marc:leader>00000nam  2200000zi 4500</marc:leader>
    <marc:controlfield tag="001">9.913514</marc:controlfield>
    <marc:controlfield tag="003">CaOODSP</marc:controlfield>
    <marc:controlfield tag="005">20221107182818</marc:controlfield>
    <marc:controlfield tag="006">m     o  d f      </marc:controlfield>
    <marc:controlfield tag="007">cr cn|||||||||</marc:controlfield>
    <marc:controlfield tag="008">220718e202207##onca    o    f000 0 fre d</marc:controlfield>
    <marc:datafield tag="040" ind1=" " ind2=" ">
      <marc:subfield code="a">CaOODSP</marc:subfield>
      <marc:subfield code="b">fre</marc:subfield>
      <marc:subfield code="e">rda</marc:subfield>
      <marc:subfield code="c">CaOODSP</marc:subfield>
    </marc:datafield>
    <marc:datafield tag="043" ind1=" " ind2=" ">
      <marc:subfield code="a">n-cn---</marc:subfield>
    </marc:datafield>
    <marc:datafield tag="086" ind1="1" ind2=" ">
      <marc:subfield code="a">YC32-0/441-4F-PDF</marc:subfield>
    </marc:datafield>
    <marc:datafield tag="110" ind1="1" ind2=" ">
      <marc:subfield code="a">Canada. </marc:subfield>
      <marc:subfield code="b">Parlement. </marc:subfield>
      <marc:subfield code="b">Sénat. </marc:subfield>
      <marc:subfield code="b">Comité sénatorial permanent des droits de la personne, </marc:subfield>
      <marc:subfield code="e">auteur, </marc:subfield>
      <marc:subfield code="e">organisme de publication.</marc:subfield>
    </marc:datafield>
    <marc:datafield tag="245" ind1="1" ind2="4">
      <marc:subfield code="a">Les cicatrices que nous portons : </marc:subfield>
      <marc:subfield code="b">la stérilisation forcée et contrainte de personnes au Canada. </marc:subfield>
      <marc:subfield code="p">Partie II / </marc:subfield>
      <marc:subfield code="c">Comité sénatorial permanent des droits de la personne ; L'honorable Salma Ataullahjan, présidente, L'honorable Wanda Thomas Bernard, vice-présidente.</marc:subfield>
    </marc:datafield>
    <marc:datafield tag="246" ind1="1" ind2="0">
      <marc:subfield code="a">Stérilisation forcée et contrainte de personnes au Canada</marc:subfield>
    </marc:datafield>
    <marc:datafield tag="264" ind1=" " ind2="1">
      <marc:subfield code="a">Ottawa (Ontario) Canada : </marc:subfield>
      <marc:subfield code="b">Sénat, Canada = Senate, Canada, </marc:subfield>
      <marc:subfield code="c">juillet 2022.</marc:subfield>
    </marc:datafield>
    <marc:datafield tag="300" ind1=" " ind2=" ">
      <marc:subfield code="a">1 ressource en ligne (46 pages) : </marc:subfield>
      <marc:subfield code="b">illustrations.</marc:subfield>
    </marc:datafield>
    <marc:datafield tag="336" ind1=" " ind2=" ">
      <marc:subfield code="a">texte</marc:subfield>
      <marc:subfield code="b">txt</marc:subfield>
      <marc:subfield code="2">rdacontent/fre</marc:subfield>
    </marc:datafield>
    <marc:datafield tag="337" ind1=" " ind2=" ">
      <marc:subfield code="a">informatique</marc:subfield>
      <marc:subfield code="b">c</marc:subfield>
      <marc:subfield code="2">rdamedia/fre</marc:subfield>
    </marc:datafield>
    <marc:datafield tag="338" ind1=" " ind2=" ">
      <marc:subfield code="a">ressource en ligne</marc:subfield>
      <marc:subfield code="b">cr</marc:subfield>
      <marc:subfield code="2">rdacarrier/fre</marc:subfield>
    </marc:datafield>
    <marc:datafield tag="490" ind1="1" ind2=" ">
      <marc:subfield code="a">Rapport du Comité sénatorial permanent des droits de la personne ; </marc:subfield>
      <marc:subfield code="v">[4e rapport, 44e législature, 1re session]</marc:subfield>
    </marc:datafield>
    <marc:datafield tag="500" ind1=" " ind2=" ">
      <marc:subfield code="a">Titre de la couverture.</marc:subfield>
    </marc:datafield>
    <marc:datafield tag="500" ind1=" " ind2=" ">
      <marc:subfield code="a">Publié aussi en anglais sous le titre : The scars that we carry : forced and coerced sterilization of persons in Canada - Part II.</marc:subfield>
    </marc:datafield>
    <marc:datafield tag="520" ind1=" " ind2=" ">
      <marc:subfield code="a">« La stérilisation est une intervention chirurgicale visant à empêcher la conception. Elle est forcée ou contrainte lorsqu'elle est pratiquée sans le consentement libre, préalable et éclairé de la patiente. Le Canada a une longue histoire de stérilisation forcée et contrainte. Pendant une grande partie du XXe siècle, il y avait des lois et des politiques gouvernementales visant explicitement à réduire les naissances dans les communautés des Premières Nations, des Métis et des Inuits, dans les communautés noires ainsi que chez les personnes présentant des vulnérabilités multiples liées à la pauvreté, à la race et à la déficience. Bien que ces lois et politiques eugéniques aient été abrogées, les idées racistes et discriminatoires qui les ont inspirées sont toujours présentes dans la société canadienne, et la stérilisation forcée et contrainte est toujours pratiquée. Au début de 2019, le Comité sénatorial permanent des droits de la personne (le Comité) a entrepris une étude sur l'ampleur du problème de la stérilisation forcée et contrainte des personnes au Canada, entendant à cette fin des spécialistes et des représentants de groupes de la société civile. En 2022, le Comité a reçu d'autres témoignages à ce sujet, notamment de plusieurs survivantes qui ont courageusement raconté leur histoire. La pratique de la stérilisation forcée ou contrainte ne tient pas seulement à notre passé lointain, et les lois et politiques doivent être modifiées pour empêcher que d'autres personnes soient victimes de cette pratique odieuse. Le présent rapport met en lumière les expériences et points de vue des survivantes et propose des solutions qui, selon le Comité, doivent être mises en place de toute urgence pour mettre fin à cette pratique inacceptable » -- Résumé, page 7.</marc:subfield>
    </marc:datafield>
    <marc:datafield tag="650" ind1=" " ind2="6">
      <marc:subfield code="a">Stérilisation eugénique</marc:subfield>
      <marc:subfield code="z">Canada.</marc:subfield>
    </marc:datafield>
    <marc:datafield tag="650" ind1=" " ind2="6">
      <marc:subfield code="a">Femmes autochtones</marc:subfield>
      <marc:subfield code="x">Santé et hygiène</marc:subfield>
      <marc:subfield code="z">Canada.</marc:subfield>
    </marc:datafield>
    <marc:datafield tag="650" ind1=" " ind2="6">
      <marc:subfield code="a">Femmes autochtones</marc:subfield>
      <marc:subfield code="x">Soins médicaux</marc:subfield>
      <marc:subfield code="z">Canada.</marc:subfield>
    </marc:datafield>
    <marc:datafield tag="650" ind1=" " ind2="6">
      <marc:subfield code="a">Droits génésiques</marc:subfield>
      <marc:subfield code="z">Canada.</marc:subfield>
    </marc:datafield>
    <marc:datafield tag="700" ind1="1" ind2=" ">
      <marc:subfield code="a">Ataullahjan, Salma.</marc:subfield>
    </marc:datafield>
    <marc:datafield tag="775" ind1="0" ind2="8">
      <marc:subfield code="t">The scars that we carry : </marc:subfield>
      <marc:subfield code="w">(CaOODSP)9.913511</marc:subfield>
    </marc:datafield>
    <marc:datafield tag="795" ind1=" " ind2=" ">
      <marc:subfield code="t">La stérilisation forcée et contrainte de personnes au Canada / </marc:subfield>
      <marc:subfield code="b">Partie I</marc:subfield>
      <marc:subfield code="w">(CaOODSP)9.900451</marc:subfield>
    </marc:datafield>
    <marc:datafield tag="830" ind1="#" ind2="0">
      <marc:subfield code="a">Rapport du Comité sénatorial permanent des droits de la personne ;</marc:subfield>
      <marc:subfield code="v">4e rapport, 44e législature, 1re session.</marc:subfield>
      <marc:subfield code="w">(CaOODSP)9.501651</marc:subfield>
    </marc:datafield>
    <marc:datafield tag="856" ind1="4" ind2="0">
      <marc:subfield code="q">PDF</marc:subfield>
      <marc:subfield code="s">2.13 Mo</marc:subfield>
      <marc:subfield code="u">https://publications.gc.ca/collections/collection_2022/sen/yc32-0/YC32-0-441-4-fra.pdf</marc:subfield>
    </marc:datafield>
  </marc:record>
</marc:collection>
